Medzi horúce problémy patrí aj život rómskej komunity pýtame sa kandidátov na predsedov VÚC

Bibliographic Details
Main Author: Angelovič, Marián (Author)
Format: Article
Language:Slovak
PhysicalDescription:5 foto
Subjects:

MARC

LEADER 00000nab a2200000 a 4500
001 vtls001029730
003 SK-MaSNL
005 20260303035608.0
008 040720e20011108xo 0 slo
035 |a SL8284 
040 |a SLLK  |b slo  |c SLLK  |e AACR2 
041 0 |a slo 
044 |a xo  |c SK 
080 |a 324  |2 1981 
100 1 |a Angelovič, Marián  |4 aut  |9 435108 
245 1 0 |a Medzi horúce problémy patrí aj život rómskej komunity  |b pýtame sa kandidátov na predsedov VÚC 
300 |b 5 foto 
650 0 7 |a voľby  |2 SLLK  |9 1580 
650 0 7 |a celky vyššie územné  |2 SLLK  |9 1022198 
650 0 7 |a kandidáti  |2 SLLK  |9 29660 
650 0 7 |a predstavenia  |2 SLLK  |9 878295 
650 0 7 |a volebné programy  |2 SLLK  |9 4514 
651 7 |a Prešovský samosprávny kraj (Slovensko)  |2 SLLK  |9 23301 
651 7 |a SL,  |2 SLLK  |9 1022390 
655 7 |a periodikum  |2 snkbucl  |9 29553 
773 0 8 |t Národná obroda  |g Roč. 12, č.257, 8.11.2001, s. 9 
852 |a ZVYKNI  |b KIS3GCP 
999 |c 1678113  |d 1680043